| 000 | 00506nam a2200169 a 4500 | ||
|---|---|---|---|
| 001 | 000033254 | ||
| 005 | 20200930070129.0 | ||
| 008 | 110823s1907 dr 000 0 spa d | ||
| 040 |
_aDO-SdBNP _bspa _cBNPHU |
||
| 082 |
_axxx _bR426c |
||
| 110 | 1 |
_aRepública Dominicana _9447 |
|
| 240 | 1 | 0 | _a[Leyes, etc.] |
| 245 | 1 | 0 | _aCódigo penal y de procedimiento militar de la República Dominicana. |
| 250 | _a2a ed. oficial | ||
| 260 |
_aSanto Domingo : _bLa Cuna de América, _c1907. |
||
| 300 |
_a54 p. ; _c27 cm. |
||
| 999 |
_c32745 _d32745 |
||